000 00676nam a2200277Ia 4500
005 20260324144855.0
008 008 260324s9999 xx 000 0 eng d
020 _a9781032615967
037 _aEBOOK
040 _aCRL
040 _beng
040 _cCRL
041 _2eng
041 _aeng
084 _qCRL
100 _aMiles D Wolpin
_91220927
245 0 _aMilitarization, Internal Repression and Social Welfare in the Third World
260 _bTaylor and Francis
260 _c1986
365 _a
365 _b160
856 _uhttp://www.taylorfrancis.com/books/9781032615967
942 _cEBOOK
999 _c1828094
_d1828094